000 00550cam a2200217 i 4500
001 2753148
005 20180208093206.0
008 791220s1980 caua 001 0 eng
010 _a 79005567
020 _z0394738748
020 _a0936070013 :
_c$7.95
040 _aDLC
_cDLC
_dDLC
041 _aeng
080 _a613.71 AND
082 0 0 _a613.71 AND
100 1 _a8
101 _aEKZ
245 1 0 _aStretching /
_cby Bob Anderson ; illustrated by Jean Anderson.
906 _a7
_bcbc
_corignew
_d1
_eocip
_f19
_gy-gencatlg
942 _2ddc
_cBK
999 _c42185
_d42185